| 000 | 00715nam a2200205 i 4500 | ||
|---|---|---|---|
| 001 | 28622 | ||
| 003 | ES-MaACL | ||
| 005 | 20230906153911.0 | ||
| 007 | t| | ||
| 008 | 030117s1965 sp ||||1| spa d | ||
| 100 | 1 |
_aAzpilcueta, Martín de. _924354 |
|
| 245 | 1 | 0 |
_aComentario resolutorio de cambios / _cMartín de Azpilcueta ; introducción y texto crítico por Alberto Ullastres. |
| 260 |
_aMadrid : _bConsejo Superior de Investigaciones Científicas, _c1965. |
||
| 300 |
_aCXVII, 167 p. ; _c22 cm. |
||
| 490 | 1 |
_aCorpus hispanorum de pace ; _v6 |
|
| 700 | 1 |
_aUllastres, Alberto. _9111925 |
|
| 830 | 0 |
_aCorpus hispanorum de pace ; _v6 _9186720 |
|
| 852 |
_aES-MaACL _jG-769 _bR.58380 |
||
| 999 |
_c28622 _d28622 |
||